00459 2200193 4500001002100000005001500021008004100036020001800077035001900095041000700114082000800121090001400129100002000143245001900163260001700182300002500199500001100224650003000235INLIS00000000000382120241224112809241224||||||||| | ||| |||| || |  a979-24-5608-2 0010-1224003821 aid0 a926 a926 KUR a0 aIrwan Kurniawan00aAlbert Eistein bJembarc2006 a49 hlm.; ilus.:20 cm aCet. 1 0aIlmu Sejarah dan Biografi